01596nam a2200373Ia 450000500170000000800410001702000340005802000180009208200190011010000200012924500430014925000180019230000630021049000360027350502800030960000570058965000380064665100380068465100360072270000370075874000380079574000410083374000270087474000250090174000380092674000370096474000260100174000460102726400260107333600270109933700330112633800280115904000350118720220317001319.0161108s2010 ck a g 000 0 spa  a9789584465153 (Obra completa) a978958446519104a923.587 bB64l1 aLatino, Simón10aBolívar para niñoscSimón Latino a1a. edición a95 páginasbilustraciones, fotografías en colorc32 cm aBiblioteca colombiana ilustrada aCapítulo 1. Infancia y juventud de Bolívar -- Capítulo 2. Bolívar jura libertar a su patria -- Capítulo 3. Sus primeros triunfos -- Capítulo 4. Girardot y Ricaurte -- Capítulo 5. Bolívar Liberta a los esclavos -- Capítulo 6. Vida de Bolívar en los Llanos 14aBolivar, SimonxPensamiento político y1783 - 1830142LEMBaLibertadoresxBiografía 4 aColombia xPolítica y gobierno 4 aColombia xHistoria ySiglo XIX1 aBarbero, Juan Carlosefotografo  aInfancia y juventud de Bolívar  aBolívar jura libertar a su patria  aSus primeros triunfos  aGirardot y Ricaurte  aBolívar Liberta a los esclavos  aVida de Bolívar en los Llanos  aEl paso de los Andes  aBolívar liberta al Ecuador y al Perú  aBogotábStiloc2010 atextobtxt2rdacontent asin mediaciónbn2rdamedia avolumenbnc2rdacarrier aCO-BoRNBPbspaerdacCO-BoRNBP